000 00368nam a2200157Ia 4500
003 OSt
005 20240304145012.0
008 170523s9999 xx 000 0 und d
020 _a978-0134645032
040 _cIIMTU
100 _aMURDICK- ROBERT G
245 0 _aINFORMATION SYS FOR MODERN MANAGEMENT
260 _bNEW DELHI PHI
260 _c2000
942 _2ddc
_c02
999 _c907
_d907